书目信息 |
| 书名: | Highlights of American literature | |
| 作者: | ||
| 分册号: | ||
| 分册名: | 出版地: | Washington, D. C. : |
|
| 出版社: | English Teaching Division, U.S.Information Agency | |
| 出版时间: | 1971. | |
| 页数: | 108p. ; | |
| 开本: | 20cm. | |
| 丛书名: | ||
| 中图分类号: | ||
| 科图分类号: | ||
| 其他分类号: | H319.4 | |
| 主题词: | ||
| 电子资源: | ||
| 000 | 00622nam 22001817a 4500 | |
| 001 | E0751014937 | |
| 005 | 20070728101644.03 | |
| 008 | 0304291971 1wau 000 0 eng d | |
| 020 | @cCNY2.45. | |
| 040 | @aNUL@cNUL | |
| 090 | @aK72/W1 | |
| 090 | @aH319.4 | |
| 099 | @dH319.4@ex342:2 | |
| 245 | 00 | @aHighlights of American literature :@ba course in American literature for the advanced study of English.@nBook Ⅱ. |
| 260 | @aWashington, D. C. :@bEnglish Teaching Division, U.S.Information Agency,@c1971. | |
| 300 | @a108p. ;@c20cm. | |
| 710 | 2 | @aU. S. Information Agency. English Teaching Division. |
| 920 | @a232010@z2 | |
| Highlights of American literature : : a course in American literature for the advanced study of English.. Book Ⅱ.-Washington, D. C. : : English Teaching Division, U.S.Information Agency, , 1971. |
| 108p. ; ; 20cm. |
| ISBN CNY2.45. |
| ● |
| 相关链接 |
|
|
|
|
正题名:Highlights of American literature
索取号:H319.4/x342:2
 
预约/预借
| 序号 | 登录号 | 条形码 | 馆藏地/架位号 | 状态 | 备注 |
| 1 | 0014359 | 300143592 | 密集书库/ [索取号:H319.4/x342:2] | 在馆 | |
| 2 | 0014360 | 300143609 | 密集书库/ [索取号:H319.4/x342:2] | 在馆 | |
| 3 | 0014361 | 300143618 | 密集书库/ [索取号:H319.4/x342:2] | 在馆 | |
| 4 | 180742 | 001424836 | 第二样本阅览室/ [索取号:H319.4/x342:2] | 在馆 | |
| 5 | 180743 | 001424845 | 密集书库/ [索取号:H319.4/x342:2] | 在馆 | |
| 6 | 180744 | 001424827 | 密集书库/ [索取号:H319.4/x342:2] | 在馆 | |
| 7 | 48688 | 001424854 | 密集书库/ [索取号:H319.4/x342:2] | 在馆 | |
| 8 | 48689 | 001424943 | 密集书库/ [索取号:H319.4/x342:2] | 在馆 | |
| 9 | 48690 | 001424916 | 密集书库/ [索取号:H319.4/x342:2] | 在馆 | |
| 10 | 48691 | 001424952 | 密集书库/ [索取号:H319.4/x342:2] | 在馆 | |
| 11 | 48692 | 001424872 | 密集书库/ [索取号:H319.4/x342:2] | 在馆 | |
| 12 | 48693 | 202459589 | 第四借阅区/ [索取号:H319.4/x342:2] | 在馆 | |
| 13 | 48694 | 001424818 | 密集书库/ [索取号:H319.4/x342:2] | 在馆 | |
| 14 | 48695 | 001424881 | 密集书库/ [索取号:H319.4/x342:2] | 在馆 | |
| 15 | 48696 | 202459598 | 第四借阅区/ [索取号:H319.4/x342:2] | 在馆 | |
| 16 | 48697 | 001424907 | 密集书库/ [索取号:H319.4/x342:2] | 在馆 | |
| 17 | 48698 | 001424890 | 第四借阅区/ [索取号:H319.4/x342:2] | 在馆 | |
| 18 | 48699 | 001424961 | 第四借阅区/ [索取号:H319.4/x342:2] | 在馆 | |
| 19 | 48700 | 001424925 | 第四借阅区/ [索取号:H319.4/x342:2] | 在馆 | |
| 20 | 48701 | 001424934 | 密集书库/ [索取号:H319.4/x342:2] | 在馆 | |
| 21 | 48702 | 001424998 | 密集书库/ [索取号:H319.4/x342:2] | 在馆 | |
| 22 | 48703 | 001424989 | 密集书库/ [索取号:H319.4/x342:2] | 在馆 | |
| 23 | 48704 | 001425005 | 第四借阅区/ [索取号:H319.4/x342:2] | 在馆 | |
| 24 | 48705 | 001424863 | 第四借阅区/ [索取号:H319.4/x342:2] | 在馆 |